000 00919nam a2200277Ia 4500
008 191130s2006##################000#0#eng##
020 _a521846382
022 _a2006297391
040 _aACL
_cACL
082 _a579.3 DEM
245 _aBacterial cell-to-cell communication : role in virulence and pathogenesis
_cedited by Donald R. Demuth and Richard J. Lamont
260 _aCambridge
_bCambridge University Press
_c2006
300 _axv, 313 p., [6] p. of plates : ill. (some col.) ; 24 cm
500 _aIncludes bibliographical references and index
650 _aBacteria - pathogenicity
650 _aBacteria - physiology
650 _aBacterial Physiology
650 _aBiofilms
650 _aCell Communication
650 _aCell interaction
700 _aDemuth, Donald R
700 _aLamont, Richard J
990 _acd98c340ac10000c3582aa235a5e75a6
991 _a234900
999 _c376900
_d376900